000
00309nam a22001217a 4500
003
SGT
082
_a
158.1,CHI
100
_a
चिरंजीव सिंह
245
_a
यह जन्म तुम्हारे लेख
260
_b
CHAND PRABHU PUB.
_c
2015
300
_a
180
942
_2
ddc
_c
GF BOOKS
999
_c
34581
_d
34581